LIBRARY & INFORMATION CENTRE, KCAET, TAVANUR

ONLINE PUBLIC ACCESS CATALOGUE (OPAC)

Co-operative movement in India / (Record no. 2148)

MARC details
000 -LEADER
fixed length control field 00473cam a2200181ua 4500
041 ## - LANGUAGE CODE
Language code of text/sound track or separate title eng
082 ## - DEWEY DECIMAL CLASSIFICATION NUMBER
Classification number 334.0954
Item number HOU/CO
100 ## - MAIN ENTRY--AUTHOR NAME
Personal name Hough, Elearor.M .
245 ## - TITLE STATEMENT
Title Co-operative movement in India /
250 ## - EDITION STATEMENT
Edition statement 1 /
260 ## - PUBLICATION, DISTRIBUTION, ETC. (IMPRINT)
Place of publication London :
Name of publisher Oxford University Press ,
Year of publication 1959.
300 ## - PHYSICAL DESCRIPTION
Number of Pages 493 ; .
700 1# - ADDED ENTRY--PERSONAL NAME
Personal name Madhava Das, K .
700 1# - ADDED ENTRY--PERSONAL NAME
Personal name Plunkett, Horace .
942 ## - ADDED ENTRY ELEMENTS (KOHA)
Koha item type Books
Holdings
Withdrawn status Lost status Damaged status Home library Current library Date acquired Full call number Accession Number Koha item type
Withdrawn     KAUAET Sanskrit University 07/04/2012 334.0954 569 Books
free website counter